| 000 | 01164nam a22003258a 4500 | ||
|---|---|---|---|
| 001 | C01497153c-4 | ||
| 003 | CO-ViMGA | ||
| 005 | 20230915234538.0 | ||
| 008 | 160728s2015 ck g 000 0 eng d | ||
| 020 | _a9789583050008 | ||
| 040 |
_aCO-ViMGA _bspa _cCO-ViMGA |
||
| 041 | 1 | _hfre | |
| 082 | 0 | 4 |
_a843.91 _bC41t5 |
| 100 | 1 |
_aCharlat, Benoit. _99507 |
|
| 245 | 1 | 3 |
_aEl torneo / _cBenoît Charlat ; ilustradora Thanh Portal ; traductor Jorge Eduardo Salgar Restrepo. |
| 250 | _aEditor Alejandro Villate Uribe. | ||
| 260 |
_aBogotá : _bPanamericana Editorial, _c2015. |
||
| 300 |
_a51 páginas : _bilustraciones ; _c19 cm. |
||
| 490 | 1 | _aÁlbumes Panamericana | |
| 490 | 1 | _aSerie estoy leyendo | |
| 534 |
_pTítulo original : _tLa compète. |
||
| 650 | 1 | 4 |
_aAmistad _v Cuentos juveniles. _9884 |
| 650 | 1 | 4 |
_aAmor _v Cuentos juveniles. _97615 |
| 650 | 1 | 4 |
_aCompetencia deportiva _v Cuentos juveniles. _99509 |
| 650 | 1 | 4 |
_aCuentos juveniles franceses. _99508 |
| 700 | 1 |
_aPortal, Thanh, _eilustradora. _99510 |
|
| 700 | 1 |
_aSalgar Restrepo, Jorge Eduardo, _etraductor. _99511 |
|
| 700 | 1 |
_aVillate Uribe, Alejandro, _eeditor. _99512 |
|
| 942 |
_2ddc _cBK |
||
| 999 |
_c37954 _d37954 |
||